|
|
|
|
| LEADER |
00000nab a2200000 a 4500 |
| 001 |
vtls011117918 |
| 003 |
SK-MaSNL |
| 005 |
20260303145323.0 |
| 008 |
230222|2010 xo |||||||||||||||||slo| |
| 015 |
|
|
|a SNBRB
|
| 035 |
|
|
|a (uuid)bdca597b-8102-4122-b27a-ed0a9a13ba0a
|
| 035 |
|
|
|a (urnnbn)urn:nbn:sk:snk:ar-a08m5z
|
| 035 |
|
|
|a urn:nbn:sk:snk-ab9o8r
|
| 040 |
|
|
|a SNKBUCL
|b slo
|c SNKBUCL
|e AACR2
|
| 041 |
0 |
|
|a slo
|
| 044 |
|
|
|a xo
|c SK
|
| 100 |
1 |
|
|a Koleda, Peter
|4 aut
|9 355632
|
| 245 |
1 |
0 |
|a MODELOVANIE ODPOROV PROTI POHYBU ROVINNÉHO MECHANIZMU
|c Peter Koleda, Ľubomír Naščák
|
| 246 |
3 |
|
|a MODELING OF PASSIVE RESISTANCES OF PLANAR MECHANISM
|
| 700 |
1 |
|
|a Naščák, Ľubomír,
|d 1952-
|4 aut
|9 204173
|
| 773 |
0 |
|
|t Acta Facultatis technicae Zvolen : vedecký časopis Fakulty environmentálnej a výrobnej techniky
|g Roč. 15, č. 2 (2010), s. 25-34
|
| 954 |
|
|
|a odborná, vedecká literatúra pôvodná (slovenská)
|2 lita
|
| 958 |
|
|
|a OND
|
| 958 |
|
|
|a EUIPO
|
| 958 |
|
|
|a article13
|
| 999 |
|
|
|c 2002158
|d 2004088
|